Preachers of a different gospel : (Record no. 9720)

MARC details
000 -LEADER
fixed length control field 00951nam a22002532 4500
001 - CONTROL NUMBER
control field 0000021552
005 - DATE AND TIME OF LATEST TRANSACTION
control field 20151217152235.0
008 - FIXED-LENGTH DATA ELEMENTS--GENERAL INFORMATION
fixed length control field 120719s xx 000 0 eng d
020 ## - INTERNATIONAL STANDARD BOOK NUMBER
International Standard Book Number 9966003157 :
040 ## - CATALOGING SOURCE
Original cataloging agency KABU
Transcribing agency KABU
100 1# - MAIN ENTRY--PERSONAL NAME
Personal name Adeleye, Femi.
-- 0000182480
245 10 - TITLE STATEMENT
Title Preachers of a different gospel :
Remainder of title a pilgrim's reflections on contemporary trends in christianity /
Statement of responsibility, etc. Femi Bitrus Adeleye.
250 ## - EDITION STATEMENT
Edition statement 1st ed.
260 ## - PUBLICATION, DISTRIBUTION, ETC. (IMPRINT)
Place of publication, distribution, etc. Nairobi :
Name of publisher, distributor, etc. WordAlive,
Date of publication, distribution, etc. 2011.
300 ## - PHYSICAL DESCRIPTION
Extent xii, 148 p.
650 #0 - SUBJECT ADDED ENTRY--TOPICAL TERM
Topical term or geographic name as entry element Christianity
Chronological subdivision 21st century.
-- 0000182481
852 1# - LOCATION
-- p750 KES
852 1# - LOCATION
-- p750 KES
852 1# - LOCATION
-- p890 KES
852 1# - LOCATION
-- p890 KES
852 1# - LOCATION
-- p890 KES
908 ## - PUT COMMAND PARAMETER (RLIN)
Put command parameter 120719
950 ## - LOCAL HOLDINGS (RLIN)
-- 1
Holdings
Withdrawn status Lost status Source of classification or shelving scheme Not for loan Home library Current library Date acquired Total Checkouts Full call number Barcode Date last seen Price effective from Koha item type Date last checked out
    Library of Congress Classification   Kabarak, Main Campus Kabarak, Main Campus 17/12/2015   BR121.3 .A34 2011 c. 1 013475 02/08/2024 17/12/2015 General Collection  
    Library of Congress Classification   Kabarak, Main Campus Kabarak, Main Campus 17/12/2015   BR121.3 .A34 2011 c. 2 013476 02/08/2024 17/12/2015 General Collection  
    Library of Congress Classification   Kabarak, Main Campus Kabarak, Main Campus 17/12/2015   BR121.3 .A34 2011 c. 3 014655 02/08/2024 17/12/2015 General Collection  
    Library of Congress Classification   Kabarak, Main Campus Kabarak, Main Campus 17/12/2015   BR121.3 .A34 2011 c. 4 014670 02/08/2024 17/12/2015 General Collection  
    Library of Congress Classification   Kabarak, Main Campus Kabarak, Main Campus 17/12/2015 3 BR121.3 .A34 2011 c. 5 014654 02/08/2024 17/12/2015 General Collection 15/07/2024
Designed with assistance from East African Informatics Ltd